The Evaluation and application of survey research in the Arab world /
محفوظ في:
المؤلف الرئيسي:
مؤلف مشترك:
التنسيق: كتاب
اللغة: English
سلاسل:
Westview special studies on the Middle East.
الموضوعات:
الوسوم: إضافة وسم
لا توجد وسوم, كن أول من يضع وسما على هذه التسجيلة!
رقم الطلب: H62.5 .A65 E94 1987
| LEADER | 01367namaa2200349 4500 | ||
|---|---|---|---|
| 001 | 20456 | ||
| 003 | OSt | ||
| 005 | 20210128090629.0 | ||
| 008 | 130303s1987 cou g b 100 0 eng d | ||
| 952 | |0 0 |1 0 |2 lcc |4 0 |6 H00625 A65 E94 01987 |7 1 |9 9818 |a ARCE |b ARCE |d 2021-01-28 |l 0 |o H62.5 .A65 E94 1987 |p 1005034 |r 2021-01-28 00:00:00 |w 2021-01-28 |y BK | ||
| 999 | |c 18166 |d 18166 | ||
| 010 | |a 86028097 | ||
| 020 | |a 0813300231 | ||
| 040 | |c ARCE Library | ||
| 043 | |a ma----- | ||
| 050 | 0 | 4 | |a H62.5 .A65 E94 1987 |
| 100 | 1 | |a Tessler, Mark A., |e author |9 40982 | |
| 245 | 1 | 4 | |a The Evaluation and application of survey research in the Arab world / |c Mark A. Tessler and others. |
| 264 | 1 | |a Boulder, Colo. : |b Westview Press, |c 1987. | |
| 300 | |a xii, 209 pages ; |c 24 cm. | ||
| 336 | |a text |b txt |2 rdacontent | ||
| 337 | |a unmediated |b n |2 rdamedia | ||
| 338 | |a volume |b nc |2 rdacarrier | ||
| 490 | 0 | |a Westview special studies on the Middle East. | |
| 500 | |a Chiefly a conference held in Bellagio, Italy, in June 1983 which was sponsored by the Rockefeller Foundation. | ||
| 504 | |a Includes bibliographical references. | ||
| 650 | 0 | |a Social sciences |x Research |z Arab countries |v Congresses. | |
| 650 | 0 | |a Social surveys |z Arab countries |v Congresses. | |
| 651 | 0 | |a Arab countries |x Research |v Congresses. | |
| 710 | 2 | |a Rockefeller Foundation. |9 23559 | |
| 901 | |a reviewed | ||
| 942 | |c BK |2 lcc | ||
